Doing cultural theory / (Record no. 492714)
[ view plain ]
| 000 -LEADER | |
|---|---|
| fixed length control field | 01504nam a22002417a 4500 |
| 003 - CONTROL NUMBER IDENTIFIER | |
| control field | OSt |
| 005 - DATE AND TIME OF LATEST TRANSACTION | |
| control field | 20260512124802.0 |
| 008 - FIXED-LENGTH DATA ELEMENTS--GENERAL INFORMATION | |
| fixed length control field | 260512b |||||||| |||| 00| 0 eng d |
| 020 ## - INTERNATIONAL STANDARD BOOK NUMBER | |
| International Standard Book Number | 9780857024855 |
| 040 ## - CATALOGING SOURCE | |
| Original cataloging agency | Kenya National Library Service |
| 082 ## - DEWEY DECIMAL CLASSIFICATION NUMBER | |
| Classification number | 306.01 WAL |
| 100 ## - MAIN ENTRY--PERSONAL NAME | |
| Personal name | Walton, David |
| Relator term | Author |
| 245 ## - TITLE STATEMENT | |
| Title | Doing cultural theory / |
| Statement of responsibility, etc. | David Walton. |
| 300 ## - PHYSICAL DESCRIPTION | |
| Extent | xvi, 334 pages |
| Other physical details | illustrations ; |
| Dimensions | 24 cm. |
| 504 ## - BIBLIOGRAPHY, ETC. NOTE | |
| Bibliography, etc. note | Includes bibliographical references and index. |
| 520 ## - SUMMARY, ETC. | |
| Summary, etc. | "Doing Cultural Theory is a textbook and a toolkit that teaches the basics of cultural theory, unpacks its complexities with real-life examples, and shows readers how to link theory and practice. Offers accessible introductions to how cultural studies has engaged with key theories in structuralism, poststructuralism and postmodernism. Teaches straightforward ways of practicing these theories so students learn to think for themselves. Uses 'Practice' boxes to show students how to apply cultural theory in the real world. Guides students through the literature with carefully selected further reading recommendations Other textbooks only show how others have analyzed and interpreted the world. Doing Cultural Theory takes it a step further and teaches students step-by-step how to do cultural theory for themselves." |
| 650 ## - SUBJECT ADDED ENTRY--TOPICAL TERM | |
| Topical term or geographic name entry element | Culture. |
| 650 ## - SUBJECT ADDED ENTRY--TOPICAL TERM | |
| Topical term or geographic name entry element | Culture and institutions. |
| 650 ## - SUBJECT ADDED ENTRY--TOPICAL TERM | |
| Topical term or geographic name entry element | Sociology . |
| 942 ## - ADDED ENTRY ELEMENTS (KOHA) | |
| Source of classification or shelving scheme | Dewey Decimal Classification |
| Koha item type | Books |
| Suppress in OPAC | No |
| Withdrawn status | Source of classification or shelving scheme | Damaged status | Not for loan | Home library | Current library | Date acquired | Source of acquisition | Cost, normal purchase price | Total checkouts | Full call number | Barcode | Date last seen | Price effective from | Koha item type |
|---|---|---|---|---|---|---|---|---|---|---|---|---|---|---|
| Dewey Decimal Classification | Nakuru Library | Acquisition, Cataloguing, Classification and Distribution Development | 05/12/2026 | BAI | 3249.00 | 306.01 WAL | B231982 | 05/12/2026 | 05/12/2026 | Books |
